| 000 -ლიდერი |
| ფიქსირებული სიგრძის საკონტროლო ველი |
00953nam a22002177a 4500 |
| 003 - საკონტროლო ნომრის იდენტიფიკატორი |
| საკონტროლო ველი |
Ge_BSU |
| 005 - ბოლო ოპერაციის თარიღი და დრო |
| საკონტროლო ველი |
20220413100017.0 |
| 008 - ფიქსირებული სიგრძის მონაცემთა ელემენტები - ზოგადი ინფორმაცია |
| ფიქსირებული სიგრძის საკონტროლო ველი |
200803s2019 ge ||||| |||| 00| 0 geo d |
| 020 ## - წიგნის საერთაშორისო სტანდარტული ნომერი |
| International Standard Book Number |
9789941964602 |
| 041 ## - ენის კოდი |
| Language code of text/sound track or separate title |
geo |
| 080 ## - უნივერსალური ათობითი კლასიფიკაციის ინდექსი |
| Universal Decimal Classification number |
347.232 ჩ-67 |
| 100 ## - მთავარი ჩანაწერი - პიროვნების სახელი |
| Personal name |
ჩიტოშვილი, თამარ |
| 9 (RLIN) |
9100 |
| 245 ## - ცნობა სათაურის შესახებ |
| Title |
უსაფუძვლო გამდიდრების შემთხვევები : |
| Remainder of title |
თეორიისა და პრაქტიკის ჭრილში / |
| Statement of responsibility, etc |
თამარ ჩიტოშვილი; მთ. რედ. ბ. ზოიძე. |
| 260 ## - გამოქვეყნების, გავრცელების, და სხვა. ცნობები |
| Place of publication, distribution, etc |
თბ; |
| Name of publisher, distributor, etc |
ბონა კაუზა, |
| Date of publication, distribution, etc |
2019. |
| 300 ## - ფიზიკური აღწერა |
| Extent |
173 გვ. |
| Other physical details |
20 სმ. |
| 504 ## - BIBLIOGRAPHY, ETC. NOTE |
| Bibliography, etc |
ბიბლ. გვ. 163-173 |
| 653 ## - INDEX TERM--UNCONTROLLED |
| Uncontrolled term |
სამართალი |
| 653 ## - INDEX TERM--UNCONTROLLED |
| Uncontrolled term |
სამოქალაქო სამართალი |
| 700 ## - ADDED ENTRY--PERSONAL NAME |
| Personal name |
ზოიძე, ბ. |
| Relator term |
რედაქტორი |
| 9 (RLIN) |
6410 |
| 942 ## - ADDED ENTRY ELEMENTS (KOHA) |
| Source of classification or shelving scheme |
|
| Koha item type |
წიგნი |